000 00287nam a2200121Ia 4500
005 20260328101457.0
008 260328s9999||||xx |||||||||||||| ||und||
245 0 _aVenecia :
_b Reina del Mar /
260 _bStorti Guias
300 _a75 p.
650 _aARQUITECTURA REGIONAL
942 _cBK
999 _c8859
_d8859